000 00316 a2200121 4500
005 20250709080517.0
020 _a978-1-63106-737-2
082 _a158.1 THE
245 _aMy Therapist Says...: Advice You Should Probably (Not) Follow
260 _aNew York
_bRock Point
_c2020
300 _a232p.
_c20cm
942 _2ddc
_cBKS
999 _c6631
_d6631